[Event "RUS-chT 05th"]
[Site "Maikop"]
[Date "1998.06.08"]
[Round "6"]
[White "Gagarin, Vasilij"]
[Black "Ivakhin, Maxim"]
[Result "0-1"]
[WhiteElo "2415"]
[BlackElo "2315"]
[Annotator "Tsesarsky,I"]
[PlyCount "166"]
[EventDate "1998.06.03"]
[EventType "team-tourn"]
[EventRounds "11"]
[EventCountry "RUS"]
[SourceTitle "CBM 066"]
[Source "ChessBase"]
[SourceDate "1998.09.30"]
[SourceVersion "1"]
[SourceVersionDate "1998.09.30"]
[SourceQuality "1"]
[WhiteTeam "Moscow Apiko-Yakimanka"]
[BlackTeam "Novokuznetsk"]
[WhiteTeamCountry "RUS"]
[BlackTeamCountry "RUS"]

1. d4 {Hecht} d5 2. c4 e6 3. Nc3 Nf6 4. cxd5 exd5 5. Bg5 Be7 6. e3 Nbd7 7. Bd3
Nf8 8. Qc2 Ne6 9. Bh4 g6 10. Nf3 O-O 11. O-O c6 12. Rab1 a5 (12... Ng4 13. Bg3
(13. Bxe7 Qxe7 14. b4 (14. h3 Nh6 15. Qc1 (15. Rbe1 f5 16. Ne2 Nf7 17. Nf4 Neg5
18. Nxg5 Nxg5 19. f3 Bd7 20. Qc3 $14 {1/2-1/2 Timman,J-Ljubojevic,L/Amsterdam
1986 (45) /\ b4}) (15. b4 Ng5 16. Nxg5 Qxg5 17. b5 Bxh3 18. f4 Qh4 19. bxc6
bxc6 20. gxh3 Qg3+ 21. Kh1 Qxh3+ 22. Qh2 Qxe3 23. Qxh6 Qxd3 24. f5 $16) (15.
Ne2 Ng7 16. b4 a6 17. a4 Bf5 18. Bxf5 Nhxf5 19. b5 $14 (19. Nf4 $2 Nxe3 $1 (
19... Nd6 $2 20. Nd2 $11 {Jizepcikas,R-Sploshrov,S/Marijampole op 1994/0-1 (89)
}) 20. Rfe1 Nxc2 21. Rxe7 Nf5 $15)) 15... Rd8 16. e4 dxe4 17. Bxe4 Kg7 18. d5
cxd5 19. Bxd5 Qc7 $1 $11 {Portisch,L-Ljubojevic,L/Linares 1988 (23)}) 14... a6
(14... Rd8 15. Na4 Ng5 16. Nxg5 Qxg5 17. Nc5 Qe7 18. h3 Nh6 19. b5 (19. Rfe1
Nf5 20. f3 b6 21. Nb3 Be6 22. a3 $14 {Neverov,V-Campora,D/Candas op 1992/1/2-1/
2 (50)}) 19... b6 20. Na4 cxb5 21. Bxb5 Bf5 22. Bd3 $14) 15. Rfe1 (15. Na4 Ng5
16. Qe2 Ne4 17. Bxe4 dxe4 18. Nd2 Bf5 19. h3 Nf6 20. Nc3 $132 {Koch,W-Hansen,L/
Politiken Cup '96, VISA NGP Copenhagen 1996/1/2-1/2 (65)}) 15... Ng5 16. Nxg5
Qxg5 17. f3 Nh6 18. a4 Nf5 19. Qf2 $14 {1/2-1/2 Solomon,K-Kromhout,E/ch-RSA,
Bruma Lake RSA 1998 (37)}) 13... Bd6 14. Bxd6 Qxd6 15. h3 $14) (12... Nh5 13.
Bxe7 Qxe7 14. b4 (14. Rfe1 Nf6 15. b4 Bd7 16. b5 $14 {0-1 Vaitonis,P-Stahlberg,
G/Saltsjobaden izt 1952 (51)}) 14... Rd8 15. Na4 (15. Rfc1 Nf6 16. Na4 Bd7 17.
Nc5 Be8 $14 {0-1 Hokkanen,P-Castillo,O/WchJM-U20 Tunja 1989 (41)}) 15... a6 16.
Nc5 Nhg7 17. Rfc1 Ng5 18. Nd2 Nf5 19. a4 Nh4 20. Kh1 (20. b5 Nh3+ 21. gxh3 Qg5+
22. Kf1 Bxh3+ $40) 20... Re8 21. Rf1 {1/2-1/2 Gulko,B-Ljubojevic,L/
Thessaloniki olm 1988}) 13. a3 Ng7 14. b4 (14. Rfc1 Bf5 15. Bxf6 Bxf6 16. Na4
Bxd3 17. Qxd3 Nf5 18. Nc5 Qe7 19. b4 axb4 20. Rxb4 Nd6 21. Rcb1 Ra7 22. a4 $132
{1-0 Filgueira Hernan-De Las Heras Juan Carlos/It open 1996 (46)}) 14... Nf5 (
14... axb4 15. axb4 Bf5 16. Ne5 (16. Bxf5 Nxf5 17. Bg5 Nd7 18. Bxe7 Qxe7 19. b5
$14 {1/2-1/2 Reis,G-Malich,B/BL2-O 1993 (22)}) 16... Bxd3 17. Nxd3 Nf5 18. Bg5
Nd7 19. Bf4 Nb6 20. b5 $14 {1/2-1/2 Wexler,B-Najdorf,M/Mar del Plata 1955 (40)}
) 15. Bxf6 (15. Bg5 Be6 16. Na4 axb4 17. axb4 Nd7 18. Bxe7 Qxe7 19. Nc5 $14 {
Gligoric,S-Damjanovic,M/Palma de Mallorca 1967/1-0 (66)}) 15... Bxf6 16. b5 $14
Qd6 (16... Re8 17. bxc6 bxc6 18. Rfc1 $14) 17. bxc6 bxc6 18. Na4 Ba6 $6 $16 (
18... Ne7 19. Qc5 Qxc5 20. Nxc5 Bg4 21. Rb7 Rfb8 22. Rfb1 Rxb7 23. Rxb7 Bxf3
24. gxf3 h5 $14) (18... Qxa3 19. Nc5 $18 {[%csl Ra3]}) 19. Bxa6 Rxa6 20. Rfc1
Rb8 (20... Qxa3 21. Nc5 $18) 21. Rxb8+ Qxb8 22. Nc5 Ra7 23. Rb1 Qc7 (23... Qd6
24. Qb3 $16) 24. Qb3 (24. Rb3 $16) 24... Kg7 25. a4 Be7 26. Qb6 Bd8 (26... Qxb6
27. Rxb6 Bxc5 28. dxc5 Rc7 29. g4 Ne7 30. Nd4 $16) 27. Qxc7 Bxc7 28. g4 Ne7 29.
Ne5 (29. Kf1 Bd6 30. Ke2 $14) 29... h5 (29... Bxe5 30. dxe5 h5 31. h3 (31. gxh5
$1 gxh5 32. f4 Nf5 (32... Ra8 33. Rb7 $16) 33. Kf2 h4 (33... f6 34. Ne6+ Kg6
35. Rg1+ Kh6 36. exf6 Rf7 37. Rc1 $16) 34. Kf3 $16) 31... hxg4 32. hxg4 g5 33.
Rb6 Ng6 34. Rxc6 Nxe5 35. Rd6 Nxg4 36. Rxd5 f6 37. Nb3 (37. Kg2 Ne5 38. Nb3 Nc4
39. Kf3 Kg6 40. Ke4 Nb6 $11) 37... Rb7 38. Nxa5 Rb2 39. Nc4 Ra2 40. a5 Nxf2
$132) 30. h3 (30. gxh5 gxh5 31. f4 f6 32. Ne6+ (32. Ned3 Nf5 33. Kf2 Bd6 34.
Nb7 Bc7 35. Ndc5 Kf7 $11) 32... Kh6 33. Nd3 (33. Nf7+ $1 Kg6 34. Nfd8 Bxd8 35.
Nxd8 Ra8 (35... Rd7 36. Nb7 $16) 36. Nb7 $16) 33... Bd6 34. Rb6 Nf5 35. Kf2 (
35. Rxc6 Re7 36. Ndc5 Bxc5 37. dxc5 Nxe3 38. Kf2 Ng4+ 39. Kg3 Ne3 $132) 35...
Re7 $15) 30... hxg4 31. hxg4 g5 (31... Bd6 32. g5 Ra8 33. f4 Rh8 34. Rb7 Rh3
35. Kf2 Rh2+ 36. Ke1 $16) 32. Kg2 Bxe5 33. dxe5 Ng6 34. e6 Ne5 (34... fxe6 35.
Nxe6+ Kf6 36. Nd4 $16) 35. Kg3 Nc4 36. Rb8 fxe6 37. Nxe6+ Kf6 38. Nd4 c5 (38...
Rc7 39. Rh8 $16) 39. Nf5 Rd7 (39... Rc7 40. Rd8 (40. Rf8+ Ke6 41. Rh8 $16 (41.
Rg8 Kf6 42. f4 gxf4+ 43. Kxf4 Ke6 44. Rg6+ Kd7 45. g5 $16)) 40... Ke5 41. Re8+
Kf6 42. f4 gxf4+ 43. Kxf4 Kf7 44. Rh8 Rc6 $132) 40. Rf8+ Ke6 41. Rc8 (41. Rg8
Nd2 42. f3 Kf6 $14) 41... Nd2 42. f3 (42. Rc6+ Kf7 (42... Ke5 43. f4+ gxf4+ 44.
exf4+ Ke4 45. Rxc5 Nf1+ 46. Kg2 $16) 43. f4 Ne4+ 44. Kf3 gxf4 45. Kxf4 $16)
42... Nb3 43. Rc6+ Ke5 (43... Kf7 44. f4 gxf4+ 45. Kxf4 Nc1 46. g5 Nd3+ 47. Kg3
$16) 44. Rg6 $1 (44. f4+ $6 gxf4+ 45. exf4+ Ke4 46. Re6+ (46. Rd6 Rb7 47. Re6+
Kd3 48. g5 d4 49. g6 c4 50. g7 Rxg7+ 51. Nxg7 c3 $11) 46... Kd3 47. g5 d4 48.
g6 c4 49. Rb6 (49. g7 Rxg7+ 50. Nxg7 c3 51. Rc6 (51. f5 c2 52. Re1 Kd2 53. Rh1
c1=Q 54. Rxc1 Kxc1 55. f6 Nc5 56. f7 Nd7 57. Ne6 d3 58. Nc5 d2 59. Nxd7 d1=Q
60. f8=Q Qxd7 $11) 51... c2 52. f5 Nd2 (52... c1=Q 53. Rxc1 Nxc1 54. f6 $18)
53. Ne6 (53. f6 Ne4+ 54. Kh2 Nc3 55. f7 c1=Q 56. f8=Q Qd2+ 57. Kh3 Qe3+ 58. Kg2
Qg5+ 59. Kh3 (59. Kf3 Qd5+ $19) 59... Qe3+ $11) 53... Ne4+ 54. Kf3 Nc3 55. Nf4+
Kd2 56. Rxc3 dxc3 57. Ne2 c1=Q 58. Nxc1 Kxc1 59. f6 c2 60. f7 Kd1 61. f8=Q c1=Q
$11) 49... Rd8 50. Ne7 Kc2 51. g7 d3 52. Rd6 Re8 53. f5 Nc5 54. Rd4 d2 55.
Rxc4+ Kb3 56. Rd4 Kc3 57. Rxd2 Kxd2 58. Kg2 Nd7 (58... Nxa4 59. f6 $18) 59.
g8=Q Rxg8+ 60. Nxg8 Kc3 61. Ne7 Kb4 $11) 44... c4 (44... Nc1 45. Rxg5 Ne2+ 46.
Kf2 Nc3 47. Nh4+ $16) 45. Rxg5 Kf6 46. Rh5 Rc7 $4 $18 (46... c3 47. Rh6+ Ke5
48. Rc6 $18) (46... Nc5 47. Rh6+ Kf7 48. g5 $16) 47. f4 $4 (47. Rh6+ $1 Ke5 48.
Nd6 d4 $8 49. e4 d3 50. f4+ Kd4 51. Nb5+ $18) 47... Ke6 48. Rh6+ Kd7 49. Rh7+ (
49. Rd6+ Ke8 50. Rxd5 c3 $17) 49... Kc6 50. Rh2 Kc5 (50... c3 51. g5 Nd2 52.
Nd4+ Kb7 53. Rh1 $16) 51. g5 Rc6 52. Kg4 (52. Rc2 Re6 53. Kf3 Kb4 54. Rg2 c3
55. g6 Rxg6 56. Rxg6 c2 57. Rc6 Nc5 (57... c1=Q 58. Rxc1 Nxc1 59. Nd4 Kxa4 60.
f5 Nd3 61. f6 Ne5+ 62. Kf4 Nf7 63. Kf5 Kb4 64. Ke6 Ng5+ 65. Kxd5 $18) 58. Rxc5
Kxc5 59. Nd4 c1=N 60. f5 $16) 52... c3 53. Ng3 $2 $132 (53. Kh5 $1 Kb4 (53...
d4 54. exd4+ (54. Rc2 Kc4 55. Nxd4 Nxd4 56. exd4 Kd3 57. d5 Rd6 58. Rh2 c2 59.
Rh1 Rxd5 60. Kg4 Kc3 61. g6 Rd1 62. Rh7 c1=Q 63. Rc7+ Kd4 64. Rxc1 Rxc1 65. Kg5
Rc8 66. g7 Ke4 67. f5 Rc1 68. Kg6 Rg1+ 69. Kf7 Kxf5 70. g8=Q Rxg8 71. Kxg8 Ke5
72. Kf7 Kd5 73. Kf6 Kc4 74. Ke5 Kb4 75. Kd4 Kxa4 76. Kc3 $11) 54... Nxd4 55.
Ne3 $16) 54. Rc2 $16) 53... Kb4 54. f5 (54. Rh6 $1 Rc4 (54... Rc8 55. g6 c2 56.
Ne2 c1=Q 57. Nxc1 Rxc1 58. Kf5 $18) 55. g6 c2 56. Ne2 c1=Q 57. Nxc1 Rxc1 58.
Kf5 Rg1 59. Kf6 d4 60. exd4 Nxd4 61. g7 Nf5 62. Rg6 Rxg6+ 63. Kxg6 $18) 54...
d4 (54... c2 55. Ne2 Rc4+ 56. Kh5 d4 57. exd4 (57. f6 d3 58. f7 (58. Nc1 d2 59.
Rxd2 Nxd2 60. f7 Rc8 61. g6 Rh8+) 58... Rc8 59. Nc1 d2 60. Rxd2 Nxd2 61. g6
Rh8+ 62. Kg4 (62. Kg5 Ne4+ 63. Kf5 Nd6+ 64. Kf6 Kxa4 65. g7 Nxf7 66. Kxf7 Rc8
67. g8=Q Rxg8 68. Kxg8 Kb4 $19) 62... Nc4 63. Nd3+ (63. g7 Ne5+ 64. Kg5 Nxf7+
65. Kf6 Rc8 66. Kxf7 Kxa4 67. g8=Q Rxg8 68. Kxg8 Kb4 69. Kf7 Kc3 $19) 63... Kc3
64. g7 Rh1 65. g8=Q Kxd3 (65... Rg1+ 66. Kh3 $1 (66. Kf3 $2 Rxg8 67. fxg8=Q
Kxd3 68. Qd8+ Kc3 69. Qh8+ (69. Qd4+ Kb4 70. Qa1 Nd2+ 71. Kf4 Nb3 $19) 69...
Kb3 70. Qh1 Kb2 71. Qh2 Kb1 72. Qh7 Kb2 $11) 66... Rxg8 67. fxg8=Q Kxd3 68.
Qd5+ Kc3 69. Qd4+ Kb4 70. Qa1 Kb3 71. Qc1 Nb2 72. Qd2 Nxa4 73. e4 Kb2 74. e5
Nc5 75. Qd4+ $18)) 57... Nxd4 58. Nc1 Nxf5 $17) 55. exd4 (55. f6 d3 56. f7 Rc8
57. g6 d2 $19) 55... Nxd4 (55... c2 56. Ne2 Nxd4 57. Nc1 Rc4 58. f6 Nb3+ 59.
Kh5 Nxc1 60. f7 $18) 56. f6 (56. Ne2 Nxe2 57. Rxe2 c2 58. Rxc2 Rxc2 59. g6 (59.
f6 Rf2 60. Kh5 Kc5 61. Kg6 Kd6 62. Kf7 Ke5 63. Ke7 Rb2 64. f7 Rb7+ 65. Ke8 Ke6
66. f8=N+ Kf5 67. g6 Kf6 $19) 59... Rg2+ 60. Kh5 Rf2 61. Kg5 Kxa4 (61... Rg2+
62. Kf6 (62. Kh6 Kc5 63. f6 Kd6 64. f7 Ke7 65. Kg7 Rf2 $11) 62... Kc5 63. g7
Kd6 64. Kf7 Ke5 65. f6 Rg4 $11) 62. f6 $18) 56... c2 57. f7 Ne6 (57... c1=Q 58.
f8=Q+ Rc5 59. Rh4 (59. Qf6 Rxg5+ 60. Qxg5 Qxg5+ 61. Kxg5 Nf3+ 62. Kf4 Nxh2 63.
Nf5 Kxa4 64. Nd4 Ka3 65. Kg3 Nf1+ 66. Kf2 Nd2 67. Ke2 Nb3 68. Nf5 a4 69. Kd3
Kb2 70. Nd6 Nc5+ 71. Kd4 Kb3 72. Nc4 Ne6+ 73. Kd3 Nc5+ 74. Kd4 Nb7 75. Kd3 Nd8
$17) 59... Qxg5+ 60. Kh3 $132) 58. Ne2 Rc5 59. Rh5 (59. Rh6 Rxg5+ (59... Nf8
60. Rh8 Ne6 61. f8=Q Nxf8 62. Rxf8 Kxa4 63. Nc1 Rc7 64. g6 Kb5 65. Rf7 Rc8 66.
g7 Rg8 67. Rf5+ Kc4 68. Rf7 a4 69. Kf5 Kc3 70. Kf6 Kb2 71. Ne2 a3 72. Rb7+ Ka2
73. Kf7 $18) 60. Kh4 Rf5 61. Rxe6 Rxf7 $11) 59... c1=Q 60. Nxc1 Rxc1 61. Kf5 (
61. Rh8 Rf1 62. Re8 Rxf7 63. Rxe6 Kxa4 $11) 61... Nf8 62. Rh4+ (62. Kf6 Rf1+
63. Kg7 Ne6+ 64. Kg8 Rg1 65. f8=Q+ Nxf8 66. Kxf8 Kxa4 $11) 62... Kb3 63. Rf4 (
63. g6 Rf1+ (63... Rg1 64. Rh8 $11 (64. Rh1 Rg2 (64... Rxg6 65. Rh8 $18) 65.
Rh8 Nxg6 66. Rb8+ Kxa4 67. Kf6 Nf8 $1 68. Rxf8 Rf2+ $11)) 64. Kg5 Ne6+ 65. Kh6
$11) 63... Rc6 64. Kg4 (64. Re4 Ng6 65. Re8 Nh4+ 66. Ke5 (66. Ke4 Ng6 $11)
66... Ng6+ $11) 64... Rg6 65. Kh5 (65. Kf5 Re6 $11) 65... Ka3 66. Kg4 Rg7 67.
Rf6 $6 $15 (67. Kh5 Rh7+ 68. Kg4 $11) 67... Kxa4 68. Kf5 (68. Kh5 Rh7+ 69. Kg4
Kb5 70. Rf5+ Kb4 71. Rf6 a4 $15) 68... Kb5 69. g6 Nxg6 70. Rxg6 Rxf7+ {[#]
Hecht: Schwarz gewinnt. Doch die ENDSPIEL-CD sagt Remis!} 71. Ke4 Rd7 72. Rg8
a4 73. Rb8+ (73. Ra8 $1 $11 {Hecht}) (73. Ke3 $1 $11 {Hecht}) 73... Kc4 74. Ra8
$4 $19 {[#] Hecht: Hier liegt naheliegenderweise der Hund begraben. Weiß mußte
schleunigst seinen König Richtung e2/e1 in Marsch setzen, damit die Umgehung
Td7-d1-b1 nicht geht. Also war Ke3 der logische Zug. Allenfalls kann er sich
Tc8+ erlauben und auch noch Tb8+. Dann aber muß Ke4-e3-e2 mit Remis erfolgen.
Der Textzug erlaubt die entscheidende Abdrängung des Königs. Was das bedeutet,
wissen wir bereits aus dem Endspiel Nr.13 (Herrera - Vazquez): Verlust!} (74.
Rc8+ Kb3 75. Rb8+ Kc2 (75... Ka2 {Hecht} 76. Ke3 $1 a3 (76... Rd1 77. Ke2 {
macht kunstvoll remis; einfacher wäre:} (77. Ra8 $1 a3 78. Ke2 Rb1 79. Kd2 $11)
77... Rb1 78. Ra8 Rb4 $1 79. Kd2 Kb2 80. Rc8 a3 81. Rc2+ Kb3 82. Rc3+ Ka4 83.
Rc8 $11 (83. Kc2 a2 84. Rc8 $11)) 77. Ke2 $11) 76. Rc8+ Kb2 (76... Kd2 77. Ra8
Rh7 78. Rd8+ (78. Kd5 Rh4 79. Kc5 Kc3 80. Kb5 Kb3 81. Rg8 Rh5+ 82. Kb6 Rh3 $19)
78... Ke2 79. Kd4 Rh3 80. Kc4 a3 81. Ra8 Kd2 82. Kb4 $11) 77. Rb8+ Ka2 78. Ke3
a3 79. Ke2 $11) 74... Re7+ 75. Kf3 Kb3 76. Rb8+ Ka2 77. Kf2 a3 78. Kf1 (78. Rb6
Ka1 79. Rb8 a2 80. Rb6 Rc7 81. Ke2 Rc1 82. Kd2 Rb1 $19) 78... Re3 $5 (78... Ka1
$19) 79. Kf2 Rb3 80. Re8 Ka1 81. Re1+ Rb1 82. Re8 a2 83. Ke2 Kb2 0-1

[Event "Recklinghausen"]
[Site "Recklinghausen"]
[Date "1997.??.??"]
[Round "7"]
[White "Lazarev, Vladimir"]
[Black "Halasz, Tamas"]
[Result "1-0"]
[WhiteElo "2500"]
[BlackElo "2385"]
[Annotator "Tsesarsky,I"]
[PlyCount "67"]
[EventDate "1997.07.??"]
[EventType "tourn"]
[EventRounds "9"]
[EventCountry "GER"]
[EventCategory "8"]
[SourceTitle "CBM 060 Extra"]
[Source "ChessBase"]
[SourceDate "1997.11.04"]
[SourceVersion "1"]
[SourceVersionDate "1997.11.04"]
[SourceQuality "1"]

1. d4 d5 2. c4 (2. Nf3 c6 3. c4 Nf6 4. Qc2 e6 5. Bf4 Nbd7 6. e3 Be7 7. Bd3 O-O
8. Nc3 Re8 9. cxd5 exd5 10. h3 Nf8 11. O-O-O Bd6 12. Bxd6 Qxd6 13. g4 b6 14.
Kb1 Bb7 15. g5 N6d7 16. h4 c5 17. h5 a6 18. Rdg1 g6 19. hxg6 fxg6 20. Rh6 $14 {
1-0 Miles,A-Booth,S/AUS-ch Melbourne 1991 (67)}) 2... e6 3. Nf3 Nf6 4. Nc3 c6 (
4... Nbd7 5. Bf4 c6 6. e3 Be7 7. Qc2 O-O 8. cxd5 exd5 9. Bd3 Re8 10. O-O-O Nf8
11. h3 Bd6 12. Bxd6 Qxd6 13. Kb1 b5 14. Rc1 Be6 15. g4 b4 16. Na4 b3 17. Qxb3
Ne4 18. Qc2 Qb4 19. Nc5 $18 {1-0 Zilberstein Dmitro-Castillo Anthony/Ch World
cadets unde 1993 (59)}) 5. Bg5 Nbd7 6. cxd5 exd5 7. e3 Be7 8. Qc2 O-O 9. Bd3
Re8 10. h3 Nf8 11. Bf4 Bd6 (11... Ng6 $142 12. Bh2 Bd6 13. Bxd6 Qxd6 14. O-O-O
Nf8 15. Kb1 Be6 16. g4 Rac8 17. Rc1 N6d7 18. Ng5 h6 19. Nf3 c5 20. Rhg1 c4 21.
Bf5 $14 {1-0 Chuchelov,V-Hochgraefe,M/OLNN 1992 (40)}) 12. Bxd6 Qxd6 13. O-O-O
N6d7 $146 (13... a5 14. Kb1 Be6 (14... b5 15. g4 a4 (15... N6d7 16. g5 Nb6 17.
Rdg1 Nc4 18. h4 g6 19. Nh2 (19. h5 Rb8 20. Rh4 (20. hxg6 fxg6 21. Rh4 $16 (21.
e4 $6 Qf4 22. Bxc4 bxc4 (22... Qxf3 23. Bf1 b4 (23... Ne6 24. Bg2 Qf8 $132) 24.
Bg2 Qf4 $132) 23. Ne5 $16)) 20... Qb4 21. Ka1 Bf5 22. Bxf5 gxf5 23. Rf4 $16)
19... Rb8 20. Ng4 Bxg4 21. Rxg4 Re7 22. Ka1 (22. h5 $16) 22... Reb7 23. Ne2 $16
{1-0 Kishnev,S-Pinkas,K/Bern op 1992 (43)} (23. h5 $16)) 16. g5 N6d7 17. h4 a3
(17... Nb6 $5) 18. b3 b4 19. Na4 Rxa4 20. bxa4 c5 21. Bb5 $5 $16 {1-0 Knaak,
R-Smagin,S/Dortmund-A 1991 (38)} (21. dxc5 Nxc5 {><c3})) 15. g4 Rac8 16. Ng5 b5
17. f4 Bd7 18. Qe2 a4 19. Rc1 a3 20. b3 Ng6 21. Qd2 h6 22. Nf3 Ne4 23. Bxe4
dxe4 24. Ne5 Nxe5 25. fxe5 Rxe5 26. Qh2 Re6 27. Qxd6 Rxd6 28. Nxe4 Rd5 29. Nc5
$14 {1-0 Topalov,V-Piket,J/Ciudad de Linares14th 1997/CBM 57 (43)}) (13... Be6
14. Kb1 (14. g4 Rac8 15. Kb1 b6 16. Rc1 a5 17. g5 N6d7 18. h4 c5 19. Bf5 c4 20.
h5 g6 21. hxg6 fxg6 22. Bxe6+ Rxe6 23. a4 $1 $16 {1-0 Komarow-Levin/Leningrad/
SW,43,16 1989 (29)}) 14... Rac8 (14... Rec8 15. g4 c5 16. dxc5 Rxc5 17. Nd4 a6
18. Qb3 b5 19. f4 Rd8 20. g5 Ne8 21. Be2 Qb8 22. h4 $14 (22. Rhf1 $6 {1/2-1/2
Levin,F-Matlak,M/POL-chT Bydgoszcz 1990 (27)})) 15. g4 c5 (15... Ne4 16. Bxe4
dxe4 17. Nd2 (17. Ng5 Qb4 18. Ngxe4 $16) 17... f5 18. gxf5 Bxf5 19. f3 (19.
Qb3+ $1 Kh8 20. Qxb7 Re7 (20... Rb8 21. Qxa7 Qb4 22. Nb3 Be6 23. d5 $18) 21.
Qb3 Rb8 22. Nc4 Qd8 23. Qc2 $16) 19... Qe6 20. fxe4 (20. Ncxe4 c5 21. dxc5 b6
$14) 20... Bxh3 $132 {1-0 Gofshtein,L-Ubilava,E/Erevan 1981/MCD-r8 (36)}) 16.
dxc5 Rxc5 17. Nd4 a6 18. f3 N6d7 19. Qh2 Qe7 20. Rhe1 Nb6 21. Rc1 Rec8 22. f4
$14 {1-0 Gabriel,C-Lobron,E/BL9596 1996/BL 90 (53)}) (13... b6 $2 14. g4 Bb7
15. g5 Ne4 $6 (15... N6d7 16. h4 $40) 16. Bxe4 dxe4 17. Nd2 $18 {1-0 Eingorn,
V-Beliavsky,A/USSR (ch) 1988 (42)}) 14. Kb1 $16 Nb6 (14... b5 15. Rc1 $16) 15.
g4 Be6 16. Ng5 h6 $2 (16... Ng6 17. Nxe6 (17. f4 Bd7 18. Rde1 (18. Rhe1 Rad8
$132) 18... Rac8 (18... Rxe3 19. Rxe3 Qxf4 20. Qd2 $18 Qxg5 21. Re8+) 19. Na4 (
19. h4 h6 20. f5 Ne7 21. Nf3 c5 22. Ne5 cxd4 23. exd4 Na4 $15) 19... Nxa4 20.
Qxa4 a6 $132) 17... Rxe6 18. h4 $16) 17. Nxe6 Nxe6 18. h4 Rac8 19. g5 hxg5 (
19... h5 20. g6 (20. Bh7+ $6 Kh8 21. g6 $6 f6 22. Qf5 c5 23. Qxh5 $6 (23. dxc5
Rxc5 24. Qxh5 Rec8 (24... d4 25. Ne4 Qd5 26. Qxd5 Rxd5 27. exd4 $14) 25. Ne4
dxe4 26. Rxd6 Rxh5 27. Rxe6 Nc4 28. b3 $16) 23... cxd4 24. exd4 Qf4 25. Rhe1
Qh6 (25... Qxf2 26. Bg8+ (26. Re2 Nf4 27. Rxf2 Nxh5 $15) 26... Kxg8 27. Re2 $1
(27. Qh7+ Kf8 28. Rf1 (28. Qh8+ Ke7 29. Qxg7+ Kd8 30. Qxb7 Re7 $19) 28... Qe3
29. Rxf6+ Ke7 30. Rf7+ Kd8 31. Qh5 Rc7 $19) 27... Qf4 28. Rde1 Rc6 29. Qh7+ Kf8
30. Qh8+ Ke7 31. Rxe6+ Rxe6 32. Rxe6+ Kxe6 33. Qxe8+ Kf5 34. Qf7 Qxh4 35. Qxg7
Qxd4 36. Qxb7 Kxg6 $17) 26. Qxh6 gxh6 27. Nb5 Rcd8 28. Nxa7 $16) 20... f6 21.
Qe2 Nf4 22. Qf3 Nxd3 23. Rxd3 Nd7 24. Qxh5 Nf8 25. Qf5 $18) 20. hxg5 $18 Nxg5
21. f4 $1 (21. Rdg1 Qf6 22. Bh7+ Kf8 23. Bf5 Rcd8 24. Rh8+ Ke7 25. Rh5 Ne6 26.
Bxe6 fxe6 27. Rh7 Rg8 28. Rg6 Qf7 29. f4 Nc4 $132) (21. Bh7+ Kf8 22. Bf5 Rcd8)
21... Ne6 22. Qg2 $1 (22. Qh2 Kf8 23. Qh8+ Ke7 24. Qh4+ f6 $132 (24... Kd7 25.
Qg4 f6 26. Bf5 Kc7 27. Rh7 (27. e4 Re7 28. Rh7 Rce8 $15) 27... Kb8 $15) (24...
Kf8 25. f5 $18)) (22. Rh3 Kf8 23. Rdh1 Ke7 24. Bf5 g6 $15) 22... Nd7 (22... Nc7
23. Rdg1 (23. Bh7+ $1 Kf8 24. Bf5 Rcd8 25. e4 $1 g6 (25... Qxf4 26. Ne2 Qe3 (
26... Qd6 27. Rh8+ Ke7 28. e5 $18) 27. Rh8+ Ke7 28. Rh3 $18) (25... dxe4 26.
Nxe4 Rxe4 27. Qg5 Qf6 28. Qxf6 gxf6 29. Bxe4 $18) 26. e5 $18) 23... Qf6 24. Qh3
Kf8 25. Qh8+ Ke7 26. Qxg7 Qxg7 27. Rxg7 Rg8 $11) (22... c5 23. Qh3 Kf8 24. Nb5
(24. f5 Ng5 25. Qh8+ Ke7 26. Qxg7 Qf6 27. Qxf6+ Kxf6 28. Rh6+ Kg7 29. Rdh1 Rc6
30. f6+ Rxf6 31. Rxf6 Kxf6 32. dxc5 Nd7 (32... Rxe3 33. cxb6 $18) 33. Bb5 Ke6
34. Rd1 $16) 24... Qb8 25. f5 Ng5 26. Qh8+ Ke7 27. Qxg7 Rg8 28. f6+ Ke6 29. Qh6
$18) 23. f5 (23. Rdg1 $144 $1 f6 24. Bg6 Red8 25. Qh3 Kf8 26. f5 $18) (23. Qh3
Kf8 24. f5 Ng5 25. Qh8+ Ke7 26. Qxg7 Rg8 27. Qh6 Nf6 28. Rdf1 $14) 23... Nc7
24. e4 $1 dxe4 (24... f6 25. Rdg1 Qf8 26. Qh2 Kf7 27. Qh5+ Ke7 28. Qh7 $18) 25.
Nxe4 Rxe4 26. Qxe4 Nf6 27. Qh4 Kf8 28. Qh8+ Ng8 29. f6 $1 Qxf6 30. Rdf1 Qd8 31.
Rhg1 Ne6 32. Bc4 Qxd4 33. Bxe6 Rc7 34. Bf5 1-0